Canciones más escuchadas de Bad Bunny - Estadísticas

Estadísticas generales
  • Esta prueba ha sido intentada 241 veces
  • La puntuación promedio es 19 de 40
Estadísticas de respuestas
FT Respuesta % Correcto
Jhayco DÁKITI
84%
J Balvin* LA CANCIÓN
75%
Bomba Estéreo Ojitos Lindos
75%
Drake MIA
73%
Rosalía LA NOCHE DE ANOCHE
72%
- (DTMF DtMF
70%
Tainy Callaita
68%
Becky G* Mayores
67%
-(UVST) Titi Me Pregunto
66%
Chencho Corleone Me Porto Bonito
65%
Cardy B* I like It
60%
Feid Perro negro
60%
- (UVST) Moscow Mule
58%
Jowell & Randy y Ñengo Flow Safaera
57%
Grupo Frontera* Un x100to
54%
Daddy Yankee La Santa
53%
Arcangel* La jumpa
50%
Lunay* Soltera REMIX
48%
- (UVST) Tarot
48%
Jhayco No me conoce REMIX
46%
Rauw Alejandro Party
46%
Farruko y Ozuna Diles
44%
-(x100pre) Si estuviesemos juntos
39%
Mora* Volando REMIX
39%
- (YHLQMDLG) Yo Perreo Sola
39%
- (UVST) Efecto
37%
- (UVST) Neverita
37%
J balvin* Que pretendes
37%
- (YHLQMDLG) Si veo a tu mamá
37%
- Yonaguni
36%
- (YHLQMDLG) A tu merced
34%
Nio García Te Boté REMIX
33%
Dua lipa y Tainy* Un dia
33%
- (YHLQMDLG) La dificil
31%
- (YHLQMDLG) Vete
31%
(NSLQVAPM) WHERE SHE GOES
31%
Aventura* Volví
30%
Jhayco* COMO SE SIENTE REMIX
25%
- (EUTDM) TE MUDASTE
23%
Tainy* Lo siento BB:/
22%
No se encontraron pruebas coincidentes
Distribución de puntuación
Porcentaje de gente con cada puntuación
Porcentaje por número respondido
Historial de tus puntuaciones
No has intentado esta prueba.